Hepatitis Country (Record no. 335046)
[ view plain ]
| 000 -LEADER | |
|---|---|
| fixed length control field | 00503nam a2200097Ia 4500 |
| 008 - FIXED-LENGTH DATA ELEMENTS--GENERAL INFORMATION | |
| fixed length control field | 170517s9999 xx 000 0 und d |
| 245 ## - TITLE STATEMENT | |
| Title | Hepatitis Country |
| 300 ## - PHYSICAL DESCRIPTION | |
| Extent | The current opioid crisis has proven devastating to users, families and entire communities. It's also given rise to acute cases of Hepatitis C, a potentially deadly infection whose rate of occurrence has nearly doubled in the United States since... |
| 650 ## - SUBJECT ADDED ENTRY--TOPICAL TERM | |
| General subdivision | Technology. |
| 856 ## - ELECTRONIC LOCATION AND ACCESS | |
| Uniform Resource Identifier | <a href="http://topdocumentaryfilms.com/hepatitis-country/">http://topdocumentaryfilms.com/hepatitis-country/</a> |
| Withdrawn status | Lost status | Damaged status | Home library | Current library | Date acquired | Total Checkouts | Date last seen | Price effective from | Koha item type |
|---|---|---|---|---|---|---|---|---|---|
| College Library | College Library | 05/17/2017 | 05/17/2017 | 05/17/2017 | Documentary Films |